Duolingo Language Courses for Portuguese Speakers - Statistics

General Stats
  • This quiz has been taken 49 times
  • The average score is 5 of 6
Answer Stats
Number of Learners Language % Correct
10.1M English
98%
1.39M French
98%
2.65M Spanish
98%
656K German
95%
762K Italian
93%
202K Esperanto
21%
No matching quizzes found
Score Distribution
Percent of People with Each Score
Percentile by Number Answered
Your Score History
You have not taken this quiz